000 008100am a2200241 004500
003 EG-GiCUC
008 070502s19uu ua ab g 000 0 ara d
040 _aEG-GiCUC
_bara
_cEG-GiCUC
043 _ama-----
050 4 _aN6260
_bH28
092 0 4 _a704.9481
_bH344
_221
099 _a04
_a704.9481 H344
100 1 _aحسن : زكى محمد
245 1 0 _aفنون الاسلام /
_cلزكى محمد حسن
260 _aالقاهرة :
_bدار الفكر العربى :
_c19--
300 _a760ص :
_bايض : خرائط ؛
_c24سم
504 _aيشتمل على ارجاعات ببليوجرافية (ص690-704) وكشافات
650 7 _aالفن الاسلامى
_xتاريخ
_2qrmak
902 _a1
905 _aبلتاجى
_eمراجع
905 _aجمال
_eمدخل
942 _2ddc
_cBK
999 _c95559
_d95559